Monster Hunter Rise and Sunbreak - Large Monsters - Statistics

General Stats
  • This quiz has been taken 234 times
  • The average score is 48 of 78
Answer Stats
Threat Level Large Monster % Correct
⭐⭐⭐⭐⭐⭐ Rathalos
86%
⭐⭐⭐⭐⭐⭐⭐⭐ Malzeno
84%
Great Izuchi
83%
⭐⭐⭐⭐ Rathian
82%
⭐⭐⭐⭐⭐⭐⭐ Magnamalo
81%
⭐⭐⭐⭐⭐⭐⭐⭐ Teostra
81%
Great Baggi
79%
Arzuros
78%
⭐⭐⭐⭐⭐⭐⭐⭐ Kushala Daora
78%
⭐⭐⭐⭐⭐⭐⭐⭐⭐⭐ Narwa
78%
⭐⭐⭐⭐⭐⭐ Zinogre
76%
⭐⭐⭐⭐⭐⭐⭐⭐ Chameleos
75%
⭐⭐⭐⭐⭐⭐⭐⭐⭐ Ibushi
75%
⭐⭐⭐⭐⭐⭐⭐ Gore Magala
73%
⭐⭐⭐⭐⭐⭐ Mizutsune
72%
⭐⭐⭐⭐⭐⭐ Nargacuga
71%
⭐⭐⭐⭐⭐⭐⭐⭐ Shagaru Magala
71%
⭐⭐ Great Wroggi
70%
⭐⭐⭐⭐⭐⭐⭐⭐⭐⭐ Primordial Malzeno
70%
⭐⭐⭐⭐⭐⭐⭐⭐ Rajang
68%
⭐⭐⭐⭐⭐⭐⭐ Almudron
67%
⭐⭐⭐ Barroth
67%
⭐⭐⭐⭐⭐⭐⭐⭐⭐ Gold Rathian
67%
⭐⭐⭐⭐⭐⭐⭐⭐⭐⭐ Crimson Glow Valstrax
65%
⭐⭐⭐⭐⭐⭐⭐ Diablos
65%
⭐⭐⭐⭐⭐⭐⭐⭐⭐ Silver Rathalos
65%
⭐⭐⭐⭐⭐⭐⭐⭐⭐⭐ Amatsu
64%
⭐⭐⭐⭐⭐⭐⭐⭐⭐⭐ Gaismagorm
64%
⭐⭐⭐⭐⭐⭐⭐ Lunagaron
64%
⭐⭐⭐⭐⭐ Somnacanth
64%
⭐⭐ Tetranadon
64%
⭐⭐⭐⭐ Pukei Pukei
63%
⭐⭐ Aknosom
62%
⭐⭐⭐⭐ Bishaten
62%
Lagombi
62%
⭐⭐⭐⭐⭐⭐⭐ Rakna Kadaki
62%
⭐⭐⭐⭐⭐⭐⭐⭐⭐⭐ Risen Chameleos
62%
⭐⭐⭐⭐⭐ Barioth
61%
⭐⭐⭐⭐⭐⭐ Garangolm
61%
⭐⭐ Kulu Ya Ku
61%
⭐⭐⭐⭐⭐⭐⭐⭐⭐ Apex Rathalos
60%
⭐⭐⭐⭐⭐⭐⭐ Astalos
60%
⭐⭐⭐⭐⭐⭐⭐ Espinas
60%
⭐⭐⭐⭐⭐⭐⭐⭐⭐⭐ Risen Teostra
60%
⭐⭐⭐⭐⭐⭐ Anjanath
58%
⭐⭐⭐⭐⭐⭐⭐⭐ Apex Rathian
58%
⭐⭐⭐⭐⭐⭐⭐ Tigrex
57%
⭐⭐⭐⭐⭐⭐⭐⭐⭐⭐ Chaotic Gore Magala
56%
⭐⭐⭐⭐⭐⭐⭐ Goss Harag
56%
⭐⭐⭐⭐⭐⭐⭐⭐⭐⭐ Risen Kushala Daora
56%
⭐⭐⭐⭐⭐⭐⭐⭐ Apex Arzuros
54%
⭐⭐⭐⭐⭐⭐⭐⭐⭐⭐ Apex Diablos
54%
⭐⭐⭐⭐⭐⭐⭐⭐⭐⭐ Apex Zinogre
54%
⭐⭐⭐⭐⭐⭐⭐⭐⭐ Furious Rajang
53%
⭐⭐⭐⭐⭐⭐⭐ Magma Almudron
53%
⭐⭐⭐⭐⭐⭐⭐⭐⭐⭐ Risen Crimson Glow Valstrax
53%
⭐⭐⭐⭐⭐⭐⭐⭐⭐⭐ Scorned Magnamalo
53%
⭐⭐⭐⭐⭐ Tobi Kadachi
53%
⭐⭐⭐⭐ Volvidon
53%
⭐⭐⭐ Basarios
52%
⭐⭐⭐⭐⭐⭐⭐⭐⭐ Lucent Nargacuga
51%
⭐⭐⭐⭐⭐⭐⭐⭐⭐ Violet Mizutsune
51%
⭐⭐⭐⭐⭐⭐⭐⭐ Bazelgeuse
50%
⭐⭐⭐⭐⭐ Daimyo Hermitaur
50%
⭐⭐ Khezu
50%
⭐⭐⭐⭐⭐⭐⭐ Pyre Rakna Kadaki
50%
⭐⭐⭐ Royal Ludroth
50%
⭐⭐⭐⭐⭐⭐⭐⭐⭐ Velkhana
50%
⭐⭐⭐⭐⭐⭐⭐⭐⭐ Apex Mizutsune
49%
⭐⭐⭐⭐⭐⭐⭐⭐⭐ Flaming Espinas
48%
⭐⭐⭐⭐⭐⭐⭐⭐⭐⭐ Risen Shagaru Magala
48%
⭐⭐⭐⭐⭐⭐ Aurora Somnacanth
47%
⭐⭐⭐⭐⭐⭐ Blood Orange Bishaten
47%
⭐⭐⭐⭐ Jyuratodus
47%
⭐⭐⭐⭐⭐⭐ Shogun Ceanataur
44%
⭐⭐⭐⭐⭐⭐⭐⭐⭐⭐ Narwa the Allmother
43%
⭐⭐⭐⭐⭐⭐⭐⭐⭐ Seething Bazelgeuse
41%
⭐⭐⭐⭐⭐⭐⭐ Seregios
41%
No matching quizzes found
Score Distribution
Percent of People with Each Score
Percentile by Number Answered
Your Score History
You have not taken this quiz